00321nam a2200133Ia 4500008004100000245004000041260002000081260000900101300001700110440002000127650001600147650001200163650001200175190425s9999 xx 000 0 und d aBill to prioritize dryland farming/ bManila Bulletin c2018 aSeptember 20 aManila Bulletin aagriculture afarmers afarming